| 000 | 00908nam a22002417a 4500 | ||
|---|---|---|---|
| 003 | BCEG | ||
| 005 | 20260210174751.0 | ||
| 008 | 260210s1995 mx|||||| |||| 00| 0 spa d | ||
| 040 |
_aBCEG _bspa _cBCEG |
||
| 082 | 0 | 4 |
_a551.22 _bR312d |
| 245 | 0 | 0 |
_aRed de observación sísmica del CENAPRED _b: registros acelerográficos obtenidos durante 1990, 1991, 1992. |
| 260 |
_aMéxico : _bSecretaría de Gobernación, Centro Nacional de Prevención de Desastres, _c1995. |
||
| 300 |
_av. _btabs, gráfs, maps. |
||
| 490 |
_aCuadernos de Investigación ; _v19, 20, 21. |
||
| 500 | _aLa biblioteca sólo cuenta con los años 1990, 1991 y 1992. | ||
| 541 | _aDonación. | ||
| 650 |
_aSismos _vInformes _zMéxico. |
||
| 650 |
_aDesastres naturales _xPrevención. |
||
| 700 | 1 |
_aLópez Nájera, Bertha, _ecoaut. |
|
| 700 | 1 |
_aQuaas Weppen, Roberto, _ecoaut. |
|
| 700 | 1 |
_aMedina Morán, Salvador, _ecoaut. |
|
| 942 | _cBK | ||
| 999 |
_c437077 _d437077 |
||